| 000 | 00000nas 2200000za 4500 |
| 001 | 9.504362 |
| 003 | CaOODSP |
| 005 | 20231102120841 |
| 007 | cr ||||||||||| |
| 008 | 150406d19991999xxc|| p o||||f| |0eng|d |
| 022 | |a1203-4169 |
| 040 | |aCaOODSP|beng |
| 043 | |an-cn--- |
| 086 | 1 |aC12-20-1E-PDF |
| 245 | 00|aSchoolNet off-line : |bSchoolNet's magazine for the educational community. |
| 264 | 1|aToronto, Ontario : |bIndustry Canada |
| 310 | |aQuarterly |
| 362 | 1 |aBegan with winter 1999; ceased with fall 1999. |
| 500 | |aContinued by "SchoolNet magazine : making a difference with ICT" (ISSN: 1206-159X). |
| 690 | 07|aEducational technology|2gcpds |
| 690 | 07|aInformation technology|2gcpds |
| 690 | 07|aInternet|2gcpds |
| 710 | 1 |aCanada. |bIndustry Canada, |eissuing body. |
| 775 | 08|tRescol hors ligne : |w(CaOODSP)9.500797 |
| 776 | 0#|tSchoolNet off-line / |w(CaOODSP)9.514178 |
| 780 | 00|tSchoolnet magazine : |w(CaOODSP)9.504363 |